000 00329nam a22001337a 4500
005 20160401052548.0
008 140312b xxu||||| |||| 00| 0 eng d
020 _a9780072263725
020 _a0072263725
041 _aeng
080 _a004.42
245 1 0 _aMicrosoft office Excel 2007/
_cJohn Cronan;
942 _2udc
_cBK
999 _c416
_d416